LEADER 01345nam a2200313 4500 001 000000351641 003 CaOOAMICUS 005 20221003145520.0 008 220922s2022 it 000 u ita r 020 $a978-88-372-3564-2 040 $aSeMil$bita 100 1 $aAnscombe, Gertrude Elisabeth Margaret,$d<1919-2001>.$0(OLS)http://semarc/name/32369 245 10$aScritti di etica /$cG.E.M. Anscombe ; a cura di Sergio Cremaschi. 264 1$aBrescia :$bMorcelliana,$c2022. 300 $a320 p. ;$c21 cm 490 1 $aFilosofia. Testi e studi ;$v117 600 14$aAnscombe, Gertrude Elizabeth Margaret <1919-2001>.$0(OLS)http://semarc/subject/42479 650 4$aEtica - Studi.$0(OLS)http://semarc/subject/4118 700 1 $aCremaschi, Sergio,$d<1949- >.$0(OLS)http://semarc/name/16398 830 0$aFilosofia. Testi e studi ;$v117.$0(OLS)http://semarc/title/37588 850 $aSeMil 852 $aSeMil$W1$xVenegono$y1$m2NA L 117$j248715$B242832$CSeMilBibl$Z2$F242832 $81 900 1 $aAnscombe, G. E. M. 961 $aConti don Gildo - Omaggio 996 $6020$a978-88-372-3564-2$9(OLS)http://semarc/number/296745 996 $6245$aScritti di etica$9(OLS)http://semarc/title/158693 996 $6264$aBrescia :$bMorcelliana$9(OLS)http://semarc/publisher/29629 LEADER 00891nas a2200253 i 4500 001 000000198561 003 CaOOAMICUS 005 20111212000000.0 008 110304b2011 gw uu u0 0ger r 013 $a177249 040 $aSeMil$bita 245 10$a[2011]. 260 $aWürzburg :$bEchter,$c2011. 300 $a518 p. ;$c23 cm. 500 $aArticoli con sintesi in inglese [Summary] in coda. 710 2 $aGesuiti$c.$0(OLS)http://semarc/name/939 774 0 $t[SENZA TITOLO].$w()274849 774 0 $t[SENZA TITOLO].$w()275382 774 0 $tChristliches Menschenbild und Naturalismus.$w()276382 850 $aSeMil 852 $aSeMil$W1$xVenegono$y1$m34 4 19$j149117$B149117$CSeMilBibl$Z2$F170774 $85 961 $aCambio: Scuola Cattolica 996 $6245$a[2011]$9(OLS)http://semarc/title/274433 996 $6260$aWürzburg :$bEchter$9(OLS)http://semarc/publisher/29704